000 00288nam a22001217a 4500
008 190312b xxu||||| |||| 00| 0 eng d
041 _aeng
080 _a043.3
100 _a0
101 _aMEK-BA
245 _aKomunikimi Wireless dhe menaxhimi i Smart Grid
_cGashi,K
942 _2udc
_cBK
999 _c54731
_d54731